书目信息 |
| 题名: |
国防教育
|
|
| 作者: | 汪庆荣 , 王江琦 , 任志强 主编 | |
| 分册: | ||
| 出版信息: | 北京 高等教育出版社 2004 |
|
| 页数: | 130页 | |
| 开本: | 26cm | |
| 丛书名: | ||
| 单 册: | ||
| 中图分类: | G711 | |
| 科图分类: | ||
| 主题词: | 国防教育--高等教育--教材 , 国防教育 | |
| 电子资源: | ||
| ISBN: | 7-04-014223-6 | |
| 000 | 01019nam0 2200289 450 | |
| 000 | 01026nam0 2200289 450 | |
| 000 | 00959nam0 2200265 450 | |
| 000 | 00923nam0 2200253 45 | |
| 005 | 20070516171126.39 | |
| 010 | @a7-04-014223-6@dCNY11.00 | |
| 100 | @a20070328e20062004em y0chiy0120 ea | |
| 101 | 0 | @achi |
| 102 | @aCN@b110000 | |
| 105 | @ay z 000yy | |
| 200 | 1 | @a国防教育@AGuo Fang Jiao Yu@f汪庆荣,王江琦,任志强主编@FWang Qing Rong, Wang Jiang Qi, Ren Zhi Qiang Zhu Bian |
| 210 | @a北京@c高等教育出版社@d2004@h2006 | |
| 215 | @a130页@d26cm | |
| 300 | @a新世纪高职高专教改项目成果教材 | |
| 330 | @a本书是关于国防教育的高校教材,系统地论述国家与国防、国防建设与国家建设、我国的国防、我国的边防与武装力量等内容。 | |
| 606 | 0 | @a国防教育@x高等教育@j教材 |
| 606 | 0 | @a国防教育 |
| 690 | @aG711@v4 | |
| 701 | 0 | @a汪庆荣@AWang Qing Rong@f(1942~)@4主编 |
| 701 | 0 | @a王江琦@AWang Jiang Qi@4主编 |
| 701 | 0 | @a任志强@ARen Zhi Qiang@4主编 |
| 801 | 0 | @aCN@bTAOJIN@c20070516 |
| 905 | @a10447@dG711@e15 | |
| 国防教育/汪庆荣,王江琦,任志强主编.-北京:高等教育出版社,2004(2006) |
| 130页;26cm |
| 新世纪高职高专教改项目成果教材 |
| ISBN 7-04-014223-6:CNY11.00 |
| 本书是关于国防教育的高校教材,系统地论述国家与国防、国防建设与国家建设、我国的国防、我国的边防与武装力量等内容。 |
| ● |
| 相关链接 |
|
|
|
|
正题名:国防教育
索取号:G711/15
 
预约/预借
| 序号 | 登录号 | 条形码 | 馆藏地/架位号 | 状态 | 备注 |
| 1 | 0520791 | 205207916 | 第一样本阅览室/ [索取号:G711/15] | 在馆 | |
| 2 | 0520792 | 205207925 | 密集书库/ [索取号:G711/15] | 在馆 | |
| 3 | 0520793 | 205207934 | 密集书库/ [索取号:G711/15] | 在馆 | |
| 4 | 0520794 | 205207943 | 第四借阅区/ [索取号:G711/15] | 在馆 | |
| 5 | 0520795 | 205207952 | 第四借阅区/ [索取号:G711/15] | 在馆 | |
| 6 | 0520796 | 205207961 | 第四借阅区/ [索取号:G711/15] | 在馆 | |
| 7 | 0520797 | 205207970 | 第四借阅区/ [索取号:G711/15] | 在馆 | |
| 8 | 0520798 | 205207989 | 密集书库/ [索取号:G711/15] | 在馆 |